[Event "Vallfogona de Balaguer Farre Mem 1st"]
[Site "Vallfogona de Balaguer"]
[Date "2022.05.21"]
[Round "5"]
[White "Montoliu Cortes, Marc"]
[Black "Monell Camarasa, David"]
[Result "0-1"]
[WhiteElo "1740"]
[BlackElo "2126"]
[PlyCount "136"]
[EventDate "2022.04.23"]
[EventType "swiss"]
[EventRounds "8"]
[EventCountry "ESP"]
[SourceTitle "EXT 2023"]
[Source "ChessBase"]
[SourceDate "2022.10.05"]
[SourceVersion "1"]
[SourceVersionDate "2022.10.05"]
[SourceQuality "1"]

1. d4 d5 2. e3 Nf6 3. Nf3 b6 4. c4 Ba6 5. Nbd2 e6 6. Ne5 Bb7 7. Be2 Nbd7 8. Nxd7 Qxd7 9. Bf3 c5 10. dxc5 Bxc5 11. Nb3 Bd6 12. cxd5 Nxd5 13. 0-0 Qc7 14. h3 Rd8 15. Nd4 a6 16. Bd2 0-0 17. Rc1 Qd7 18. Qc2 Bb8 19. Nc6 Bxc6 20. Qxc6 Qe7 21. a3 Qg5 22. Bxd5 Qe5 23. g3 Rxd5 24. Bb4 Bd6 25. Qxb6 Bxb4 26. Qxb4 Rb5 27. Qa4 a5 28. b4 axb4 29. axb4 h5 30. Rc4 Rfb8 31. Rfc1 Kh7 32. Rc5 Qb2 33. Qc2+ Qxc2 34. R1xc2 h4 35. Rxb5 Rxb5 36. Rc4 hxg3 37. f3 Rd5 38. Rd4 Re5 39. e4 f5 40. f4 Rb5 41. exf5 exf5 42. Kg2 Kh6 43. Kxg3 Kh5 44. Rc4 Rd5 45. Rc3 Kg6 46. Rb3 Rb5 47. Kf3 Kf6 48. Ke3 Ke6 49. Kd4 Rd5+ 50. Kc4 Rd1 51. Re3+ Kf6 52. Rf3 Ke6 53. Kb5 Kd5 54. Rg3 Rf1 55. Rxg7 Rxf4 56. Rh7 Rf1 57. Kb6 f4 58. h4 f3 59. b5 f2 60. Rf7 Ke4 61. h5 Ke3 62. h6 Rh1 63. Re7+ Kd4 64. Rf7 f1Q 65. Rxf1 Rxf1 66. h7 Rh1 67. Kc6 Rh6+ 68. Kc7 Kc5 0-1